Medzinárodný prenájom pracovnej sily

Bibliographic Details
Main Author: Molnárová, Valéria (Author)
Format: Article
Language:Slovak
ISSN:1335-4124
Subjects:

MARC

LEADER 00000nab a2200000 a 4500
001 vtls000696758
003 SK-MaSNL
005 20260302181424.0
008 180206c1999 xo 0 slo
015 |a SNBRB1999/06-17116 
035 |a CLN000048925 
040 |a SNKBUCL  |b slo  |c SNKBUCL  |e AACR2 
041 0 |a slo 
044 |a xo  |c SK 
080 |a 336.215:658.3:658.843  |2 UDC-MRF-SK2 
080 |a 331.55  |2 UDC-MRF-SK2 
080 |a 658.3  |2 UDC-MRF-SK2 
100 1 |a Molnárová, Valéria  |4 aut  |9 892003 
245 1 0 |a Medzinárodný prenájom pracovnej sily  |c Valéria Molnárová 
650 0 7 |a sily pracovné  |x prenájom medzinárodný  |x dane z príjmov  |2 snkbucl  |9 892004 
650 0 7 |a lízing personálny  |2 snkbucl  |9 851082 
650 0 7 |a dane z príjmov  |2 snkbucl  |9 2125 
655 7 |a články z novín a časopisov  |2 snkbucl  |9 267496 
773 0 |x 1335-4124  |t Hospodársky denník  |g Roč. 1, č. 127 (17.8.1999), s. 13 
850 |a Slovenská národná knižnica v Martine 
852 |a SNK  |b KIS3GCP 
958 |a RBX 
999 |c 1414130  |d 1416060